000 01941cam a2200277 4500500
005 20260301001745.0
041 _afre
042 _adc
100 1 0 _aEllouze, Faten
_eauthor
700 1 0 _aCherif, Wissal
_eauthor
700 1 0 _aJaoua, Fériel
_eauthor
700 1 0 _aAllouch, Cherouk
_eauthor
700 1 0 _aFadel M’rad, Mohamed
_eauthor
245 0 0 _aEvaluation du risque du comportement violent par la HCR20 dans deux groupes de sujets schizophrènes
260 _c2009.
500 _a9
520 _aLe psychiatre est de plus en plus confronté à l’évaluation du risque de violence parmi les patients malades mentaux. L’échelle HCR20 a déjà prouvé ses vertus dans ce domaine. Le but de ce travail, le premier en Tunisie, est de comparer les différents paramètres de la HCR20 entre schizophrènes violents et non violents. Les schizophrènes violents se caractérisent dans notre étude par des scores et des sous scores de la HCR20 plus élevés comparativement aux patients non violents. La différence est significative. Ce résultat nous encourage à généraliser l’utilisation de la HCR20 parmi nos patients psychotiques.
520 _aThe psychiater was asked more and more to evaluat the risk of violence among pscyhiatric pateints. The HCR20 scale have also proved its qualities in this prediction. The perpose of this study was to compare severeal HCR 20 parameters among violent schizophrenic pateints and non violents schizophrenic ones. Violent schizophrenic patients have greater HCR20 scors and scous scors, This resultas alow us to generalised the HCR20 use to other psychotic pateints.
690 _aHCR20
690 _aschizophrénie
690 _aHCR20
690 _aschizopnhrenia
690 _aviolence
786 0 _nPsy Cause | 54 | 2 | 2009-01-06 | p. 40-44 | 1245-2394
856 4 1 _uhttps://shs.cairn.info/revue-psy-cause-2009-2-page-40?lang=fr&redirect-ssocas=7080
999 _c1674176
_d1674176